00771nam a2200217 i 450000100060000000300090000600500170001500700030003200800410003510000300007624501000010626000350020630000220024149000260026365000370028970000320032683000340035885200220039299900170041495201220043181369ES-MaACL20230906174425.0t|041104s1967 sp ||||1| spa d1 aHughes, H. Stuart.96461113aLa historia como arte y como ciencia / cH. Stuart Hughes ; traducción por Matilde Vilarroig. a[Madrid] : bAguilar, c[1967] a124 p. ; c21 cm.1 aColección literaria00aHistoria-xMetodología.9133811 aVilarroig, Matilde.91148241 aColección literaria9179831 aES-MaACLjC-32090 c81369d81369 00104070aATENEOMbATENEOMcDEPO2d2008-01-17eSCl0oC-32090p1085060r2023-02-23 00:00:00w2023-02-23yMONOGRAFIA